¿Cómo se construye cultura de paz desde la promoción de espacios comunitarios para la participación y .... (Registro nro. 60199)
[ vista simple ]
| 000 -LÍDER | |
|---|---|
| Campo fijo de descripción fija | 007520000a22001210004500 |
| 100 1# - ASIENTO PRINCIPAL--NOMBRE PERSONAL | |
| Nombre personal | Angulo, S.J. Alejandro |
| 245 10 - TÍTULO | |
| Título del Material | ¿Cómo se construye cultura de paz desde la promoción de espacios comunitarios para la participación y .... |
| 300 ## - DESCRIPCIÓN FÍSICA | |
| Extensión | Vol.0, núm.4 (Febrero, 2005), Página 13 |
| 500 ## - NOTA GENERAL | |
| Nota General | Alejandro Angulo hizo estudios para el sacerdocio en la Universidad Javeriana, en Bogotá, en donde obtuvo la licenciatura en Filosofía en 1960 y en Teología en 1964. Posteriormente, obtuvo la maestría en Sociología en la Universidad de Berkeley (California) en 1968, y el doctorado en Demografía en la Universidad de Paris en 1972 |
| 773 0# - HOST ITEM ENTRY | |
| Title | Educación para la paz |
| 942 ## - TIPO DE MATERIAL (KOHA) | |
| Tipo de Item KOHA | Artículos de Revista |
| Estado de Material | Estado de Perdido | Estado de Dañado | No para Préstamo | Colección | Biblioteca de Origen | Biblioteca Permanente | Fecha de Adquisición | Total de Préstamos | Signatura Topográfica | Última vez visto | Fecha de Remplazo | Tipo de Material |
|---|---|---|---|---|---|---|---|---|---|---|---|---|
| Colección de Hemeroteca | Biblioteca FUSBC | Biblioteca FUSBC | 26/01/2016 | 26/01/2016 | 26/01/2016 | Artículos de Revista |
